Durable concrete in hot climates / (Record no. 550004)
[ view plain ]
| 000 -LEADER | |
|---|---|
| fixed length control field | 00939nam a2200205 a 4500 |
| 082 00 - DEWEY DECIMAL CLASSIFICATION NUMBER | |
| Classification number | 620.13617 |
| Author Mark | DUR |
| -- | L-39, P-186 |
| 245 00 - TITLE STATEMENT | |
| Title | Durable concrete in hot climates / |
| Statement of responsibility, etc. | Cameron MacInnis, editor. |
| 260 ## - PUBLICATION, DISTRIBUTION, ETC. | |
| Place of publication, distribution, etc. | Detroit, Mich. : |
| Name of publisher, distributor, etc. | American Concrete Institute, |
| Date of publication, distribution, etc. | c1993. |
| 300 ## - PHYSICAL DESCRIPTION | |
| Extent | vi, 188 p. : |
| Other physical details | ill. ; |
| Dimensions | 23 cm. |
| 490 1# - SERIES STATEMENT | |
| Series statement | SP ; |
| 500 ## - GENERAL NOTE | |
| General note | "International Symposium on 'How to Produce Durable Concrete in Hot Climates', sponsored by Committee 201 on Durability of Concrete, was held at the ACI Fall Convention in San Juan, Puerto Rico in October 1992"--Pref. |
| 526 ## - STUDY PROGRAM INFORMATION NOTE | |
| Program name | 0 |
| Interest level | 0 |
| Reading level | 0 |
| Title point value | 620_136170000000000_DUR |
| 650 #0 - SUBJECT ADDED ENTRY--TOPICAL TERM | |
| Topical term or geographic name entry element | Concrete construction |
| General subdivision | Hot weather conditions |
| -- | Congresses. |
| 9 (RLIN) | 46654 |
| 650 #0 - SUBJECT ADDED ENTRY--TOPICAL TERM | |
| Topical term or geographic name entry element | Concrete |
| General subdivision | Effect of temperature on |
| -- | Congresses. |
| 9 (RLIN) | 46655 |
| 650 #0 - SUBJECT ADDED ENTRY--TOPICAL TERM | |
| Topical term or geographic name entry element | Concrete |
| General subdivision | Testing |
| -- | Congresses. |
| 9 (RLIN) | 46656 |
| 650 #0 - SUBJECT ADDED ENTRY--TOPICAL TERM | |
| Topical term or geographic name entry element | MCE |
| 9 (RLIN) | 379 |
| 700 1# - ADDED ENTRY--PERSONAL NAME | |
| Personal name | MacInnis, Cameron. |
| 9 (RLIN) | 46657 |
| 710 2# - ADDED ENTRY--CORPORATE NAME | |
| Corporate name or jurisdiction name as entry element | ACI Committee 201. |
| 9 (RLIN) | 41023 |
| 942 ## - ADDED ENTRY ELEMENTS (KOHA) | |
| Source of classification or shelving scheme | |
| Koha item type | Book |
| Withdrawn status | Lost status | Source of classification or shelving scheme | Damaged status | Not for loan | Permanent Location | Current Location | Date acquired | Total Checkouts | Full call number | Barcode | Date last seen | Price effective from | Koha item type |
|---|---|---|---|---|---|---|---|---|---|---|---|---|---|
| Military College of Engineering (MCE) | Military College of Engineering (MCE) | 10/17/2014 | 620.13617 DUR | MCE-43482 | 10/17/2014 | 10/17/2014 | Book |
